000 00492nam a2200193Ia 4500
003 GCL
008 140319s9999 xx 000 0 aRus d
040 _aGCL /
_cGCL
082 0 4 _a860
_bB Y
100 1 _aBASTOS, AUGUSTO ROA
245 1 0 _aYO EL SUPREMO /
_cBASTOS, AUGUSTO ROA
260 _a[S.N] :
_bCATEDRA LETRAS HISPANICAS ،
_c1987
300 _a612
650 0 4 _aLITERATURE
650 0 4 _aFICTION
650 0 4 _aSPANISH LITERATURE
650 0 4 _aSPANISH FICTION
942 _2ddc
_cBK
999 _c12891
_d12891